000 01113nam a2200277 a 4500
001 000029498
005 20240302073950.0
008 110418s2010 dr bc 001 0 spa d
020 _a9789945457193
040 _aDO-SdBNP
_bspa
_aBNPHU
082 _axxxx
_bM385n
100 1 _aMartínez-Vergne, Teresita
_956362
240 1 0 _aNation & citizen in the Dominican Republic, 1880-1916
245 1 0 _aNación y ciudadano en la República Dominicana, 1880-1916 /
_cTeresita Martínez-Vergne; traductor José M. Guillén, presentación Mariano Mella, prólogo Roberto Cassá.
260 _aSanto Domingo :
_bSociendad Dominicana de Bibliófilos,
_c2010.
300 _a343 p. :
_bmapas, retrs. ;
_c21 cm.
490 1 _aBibliófilos 2000
500 _aIncluye índice onomástico y temático
504 _aIncluye referencias bibliográficas y notas al pie de las páginas.
504 _aBibliografía : p. [333]-343
700 1 2 _aGuillén, José M.,
_etrad.
_956363
700 1 2 _aMella, Mariano
_92101
700 1 2 _aCassá, Roberto,
_d1948-
_epról.
_910888
830 0 _aBibliófilos 2000
_91044
049 _aBNPD
999 _c28990
_d28990